Statistics for Countrys by Countryball #2

Click here to take the quiz!

General Stats

  • This quiz has been taken 31 times
    (18 since last reset)
  • The average score is 15 of 16

Answer Stats

Answer% Correct
Algeria
100%
Australia
93%
Belarus
93%
Belgium
93%
Germany
93%
Greece
93%
Japan
93%
Norway
93%
Qatar
93%
Russia
93%
Spain
93%
Vietnam
93%
Colombia
86%
Costa Rica
86%
Micronesia
86%
Eswatini
79%

Score Distribution

Percentile by Number Answered

Percent of People with Each Score

Your Score History

You have not taken this quiz since the last reset